00408 2200157 4500001002100000005001500021008004100036020002200077035001900099082001100118090001700129100002200146245002800168260003100196300002300227INLIS00000000002102020241224130949241224||||||||| | ||| |||| ||  a978-979-045-837-6 0010-12240210200 a551.43 a551.43 BEN a0 aBeni S. Ambarjaya00aAku Tahu Tentang Gunung aSolobTiga Serangkaic2010 avi, 50 hlm.; 21 cm